Statistics for Closest Capital Cities at different Sides of any Meridian

Click here to take the quiz!

General Stats

  • This quiz has been taken 20 times
  • The average score is 88 of 147

Answer Stats

Capital% Correct
Madrid
80%
Berlin
80%
Saint John's
80%
Kingston
80%
Amsterdam
80%
Apia
80%
Kingstown
80%
Paris
80%
Cairo
80%
London
80%
Nassau
80%
Tallinn
80%
Singapore
80%
Seoul
73%
Caracas
73%
Vienna
73%
San Jose
73%
Vatican City
73%
Moscow
73%
Bucharest
73%
Luxembourg
73%
Lisbon
73%
Kuala Lumpur
73%
Helsinki
73%
Budapest
73%
Brussels
73%
Quito
73%
Amman
73%
Yaren
73%
Paramaribo
73%
Bogota
73%
Santo Domingo
73%
Rome
73%
Basseterre
73%
Vilnius
73%
Nuku'alofa
73%
Riga
73%
Jerusalem
67%
Saint George's
67%
Roseau
67%
Riyadh
67%
Majuro
67%
Mexico City
67%
Managua
67%
Sofia
67%
Minsk
67%
Pyongyang
67%
San Salvador
67%
Prague
67%
Port Moresby
67%
New Delhi
67%
Panama City
67%
Tirana
67%
Tegucigalpa
67%
Tokyo
67%
Funafuti
67%
Georgetown
67%
Bratislava
67%
Vaduz
67%
Guatemala City
67%
Bern
67%
Beirut
67%
Havana
67%
Dublin
67%
Beijing
67%
Palikir
60%
Brazzaville
60%
Sarajevo
60%
Buenos Aires
60%
Kabul
60%
Jakarta
60%
Podgorica
60%
Brasilia
60%
Port-au-Prince
60%
Praia
60%
Pristina
60%
Bangkok
60%
Baku
60%
Yerevan
60%
Damascus
60%
Zagreb
60%
Dhaka
60%
Suva
60%
Ljubljana
60%
Lome
60%
Skopje
60%
Freetown
60%
San Marino
60%
Tbilisi
60%
Tarawa
60%
Kinshasa
60%
Port-Vila
53%
Tashkent
53%
Honiara
53%
Hanoi
53%
Banjul
53%
Thimphu
53%
Asuncion
53%
Islamabad
53%
Sana'a
53%
Bissau
53%
Bishkek
53%
Monrovia
53%
Accra
53%
Ulaanbaatar
53%
Bridgetown
53%
Nicosia
53%
Niamey
53%
Doha
53%
Vientiane
53%
Castries
53%
Dakar
53%
Melekeok
53%
Montevideo
53%
Muscat
53%
Yamoussoukro
47%
Yaounde
47%
Abu Dhabi
47%
Malabo
47%
Porto-Novo
47%
Port-of-Spain
47%
Ashgabat
47%
Ouagadougou
47%
Naypyidaw
47%
Baghdad
47%
Bandar Seri Begawan
47%
Colombo
47%
Conakry
47%
Dushanbe
47%
Kathmandu
47%
Kigali
47%
Bujumbura
40%
Pretoria
40%
Kuwait City
40%
Libreville
40%
Male
40%
Manama
40%
Maputo
40%
Mbabane
40%
Nairobi
40%
Kampala
33%
Gaborone
33%
Khartoum
33%
Asmara
27%
Sao Tome
27%
Djibouti
20%
Addis Ababa
20%

Score Distribution

Percentile by Number Answered

Percent of People with Each Score

Your Score History

You have not taken this quiz